000 00499nam a2200181Ia 4500
003 OSt
005 20241008104851.0
008 210210b1959 xxu||||| |||| 00| 0 eng d
040 _cAL
041 _akan
082 _a859/908
100 _aNARASIMHAYYA (N)
_9145332
_dನರಸಿಂಹಯ್ಯ (ಎನ್)
245 _aChora chakravarti-2:
_bಚೋರ ಚಕ್ರವರ್ತಿ-2
260 _aBengaluru
_b-
_c1959
690 _aKannada Fiction
_9145333
906 _a021659
942 _2ddc
_cBK
999 _c145755
_d145755